[Event "DEM U10/U10w 2015"]
[Site "Willingen GER"]
[Date "2015.05.24"]
[Round "1"]
[White "Prieb, Robert"]
[Black "Handschuh, Felix"]
[Result "1-0"]
[Termination "normal"]
[Board "20"]
[WhiteElo "1426"]
[BlackElo "1114"]
[PlyCount "89"]
[WhiteFideId "16212002"]
[BlackFideId "12997447"]
[EventCountry "GER"]
[EventRounds "11"]
[EventType "swiss"]
[EventDate "2015.05.23"]

1. d4 d5 2. c4 Nf6 3. cxd5 Nxd5 4. e4 Nf6 5. Nc3 e6 6. Bg5 Be7 7. Nf3 Nc6 8.
Be2 O-O 9. O-O b6 10. Rc1 Bb7 11. e5 Nd5 12. Bxe7 Ncxe7 13. Qd3 Nf4 14. Qe3
Nfg6 15. Rc2 Nf5 16. Qd2 Bxf3 17. Bxf3 Nxd4 18. Bxa8 Nxc2 19. Qxc2 Qxa8 20. f4
Nh4 21. Rd1 Rd8 22. Rxd8+ Qxd8 23. Nb5 Qd5 24. Nxc7 Qxa2 25. Nb5 Ng6 26. Nd6 h6
27. g3 Qa5 28. Qc7 Qc5+ 29. Qxc5 bxc5 30. Nb7 c4 31. Nd6 c3 32. bxc3 a5 33. c4
Ne7 34. Kf2 Nc6 35. Ke3 Kf8 36. c5 Ke7 37. Kd3 Kd7 38. Nxf7 Nb4+ 39. Kc4 Kc6
40. g4 Na6 41. Nd8+ Kc7 42. Nxe6+ Kc6 43. Nxg7 Nxc5 44. e6 a4 45. e7 1-0

[Event "DEM U10/U10w 2015"]
[Site "Willingen GER"]
[Date "2015.05.24"]
[Round "1"]
[White "Orlova, Alicia"]
[Black "Toval, David"]
[Result "0-1"]
[Termination "normal"]
[Board "21"]
[WhiteElo "1110"]
[BlackElo "1528"]
[PlyCount "90"]
[WhiteFideId "34154563"]
[BlackFideId "12992755"]
[EventCountry "GER"]
[EventRounds "11"]
[EventType "swiss"]
[EventDate "2015.05.23"]

1. e4 c5 2. Nc3 d6 3. g3 Nf6 4. Bg2 e6 5. d3 Be7 6. Be3 a6 7. Nf3 Nbd7 8. O-O
b5 9. Qd2 Bb7 10. Rfe1 O-O 11. Ng5 Ng4 12. Nh3 Nxe3 13. fxe3 Ne5 14. Nf4 Rc8
15. d4 Nc4 16. Qc1 Nxe3 17. Qxe3 cxd4 18. Qxd4 e5 19. Qa7 Bxe4 20. Rxe4 d5 21.
Rxe5 Bc5+ 22. Qxc5 Rxc5 23. Rxd5 Qb6 24. Kh1 Rxd5 25. Nfxd5 Qf2 26. Rc1 Re8 27.
Ne4 Qd4 28. Rf1 Rxe4 29. Bxe4 Qxe4+ 30. Kg1 Qxd5 31. Re1 f6 32. Re8+ Kf7 33.
Rh8 Qxa2 34. Rxh7 Qxb2 35. Rh4 a5 36. c4 a4 37. cxb5 a3 38. Ra4 Qxb5 39. Ra7+
Kg6 40. Kg2 Qb2+ 41. Kh3 a2 42. Rxa2 Qxa2 43. g4 Qf2 44. g5 Qf3+ 45. Kh4 fxg5#
0-1

[Event "DEM U10/U10w 2015"]
[Site "Willingen GER"]
[Date "2015.05.24"]
[Round "1"]
[White "Simukov, Erik"]
[Black "Joppich, Til"]
[Result "1-0"]
[Termination "normal"]
[Board "22"]
[WhiteElo "1515"]
[BlackElo "1108"]
[PlyCount "45"]
[WhiteFideId "12995380"]
[BlackFideId "16232917"]
[EventCountry "GER"]
[EventRounds "11"]
[EventType "swiss"]
[EventDate "2015.05.23"]

1. e4 e5 2. Nf3 Nc6 3. Bc4 Bc5 4. c3 Nf6 5. d3 d5 6. exd5 Nxd5 7. O-O Bg4 8.
Re1 O-O 9. Nbd2 Nf4 10. Ne4 Bb6 11. Bxf4 exf4 12. d4 Re8 13. Bxf7+ Kxf7 14.
Nfg5+ Kg8 15. Qxg4 Qe7 16. Nxh7 Kf7 17. Neg5+ Kg8 18. Rxe7 Nxe7 19. Qxf4 Ng6
20. Qf7+ Kh8 21. Nf6 Rf8 22. Qg8+ Rxg8 23. Nf7# 1-0

[Event "DEM U10/U10w 2015"]
[Site "Willingen GER"]
[Date "2015.05.24"]
[Round "1"]
[White "Wehrle, Maximilian"]
[Black "Marschall, Tillmann"]
[Result "0-1"]
[Termination "normal"]
[Board "23"]
[WhiteElo "1108"]
[BlackElo "1423"]
[PlyCount "106"]
[WhiteFideId "65600347"]
[BlackFideId "12973220"]
[EventCountry "GER"]
[EventRounds "11"]
[EventType "swiss"]
[EventDate "2015.05.23"]

1. e4 c6 2. d4 d5 3. exd5 cxd5 4. Nf3 Nc6 5. Bb5 Bg4 6. h3 Bh5 7. O-O e6 8. g4
Bg6 9. Ne5 Qb6 10. Bxc6+ bxc6 11. Qd2 Bb4 12. Qf4 Bd6 13. Qd2 Bxe5 14. dxe5 h5
15. g5 Ne7 16. Nc3 Nf5 17. Qf4 O-O 18. b3 Qc5 19. Bb2 Rab8 20. Rac1 Rb4 21. Ba3
Rxf4 22. Bxc5 Ra8 23. Be3 Nxe3 24. fxe3 Rxf1+ 25. Kxf1 Rb8 26. a3 c5 27. Na4 c4
28. bxc4 dxc4 29. Ke2 Rd8 30. Rd1 Rxd1 31. Kxd1 h4 32. Nc5 Bf5 33. c3 Bxh3 34.
Ne4 Bg4+ 35. Ke1 Bf3 36. Nf2 Kh7 37. Kf1 Kg6 38. Kg1 Kxg5 39. Kh2 Kh5 40. Kh3
g5 41. a4 g4+ 42. Nxg4 Bxg4+ 43. Kg2 a5 44. e4 Bd1 45. Kh3 Bxa4 46. Kh2 Bc6 47.
Kg1 a4 48. Kh2 a3 49. Kh3 a2 50. Kh2 a1=Q 51. Kh3 Qxc3+ 52. Kh2 Qg3+ 53. Kh1
Bxe4# 0-1

[Event "DEM U10/U10w 2015"]
[Site "Willingen GER"]
[Date "2015.05.24"]
[Round "1"]
[White "Lohvinov, Petro"]
[Black "Bayer, Melissa"]
[Result "1-0"]
[Termination "normal"]
[Board "24"]
[WhiteElo "1418"]
[BlackElo "1104"]
[PlyCount "119"]
[WhiteFideId "14176661"]
[BlackFideId "16206916"]
[EventCountry "GER"]
[EventRounds "11"]
[EventType "swiss"]
[EventDate "2015.05.23"]

1. e4 e5 2. Nf3 Nc6 3. d4 exd4 4. Nxd4 Nf6 5. Nxc6 bxc6 6. e5 Qe7 7. Qe2 Nd5 8.
c4 Nb6 9. Nc3 d6 10. exd6 cxd6 11. Qxe7+ Bxe7 12. Bf4 O-O 13. O-O-O Rd8 14. Bd3
Be6 15. b3 d5 16. cxd5 Nxd5 17. Nxd5 Bxd5 18. f3 h6 19. Kb1 Bb4 20. Ba6 Re8 21.
Bd2 Bd6 22. Bc3 Rab8 23. Bd4 Bb4 24. Bf2 Re5 25. Bg3 Rb6 26. Bxe5 Rxa6 27. Kb2
f6 28. Bd4 Ra5 29. a4 c5 30. Bc3 Bxc3+ 31. Kxc3 Be6 32. Rhe1 Ra6 33. Re3 Kf7
34. Red3 Ke7 35. Re1 Rc6 36. f4 f5 37. Kb2 Kf7 38. Rc3 a5 39. Re5 Rd6 40. Rexc5
Rd2+ 41. Rc2 Rd4 42. g3 Rb4 43. R2c3 Re4 44. Re5 Rd4 45. Rc7+ Kf6 46. Rc6 Re4
47. Rcxe6+ Kf7 48. Rxe4 fxe4 49. Rxe4 Kf6 50. b4 axb4 51. Rxb4 Kf5 52. a5 Kg4
53. a6 Kf5 54. a7 Kg4 55. a8=Q Kh3 56. Qf3 g6 57. g4+ Kxh2 58. Rd4 g5 59. Rd2+
Kg1 60. Qg2# 1-0

[Event "DEM U10/U10w 2015"]
[Site "Willingen GER"]
[Date "2015.05.24"]
[Round "1"]
[White "Wiemann, Vanessa"]
[Black "Kosev, Momchil"]
[Result "0-1"]
[Termination "normal"]
[Board "25"]
[WhiteElo "1229"]
[BlackElo "1391"]
[PlyCount "78"]
[WhiteFideId "12942987"]
[BlackFideId "12975982"]
[EventCountry "GER"]
[EventRounds "11"]
[EventType "swiss"]
[EventDate "2015.05.23"]

1. e4 c5 2. Nf3 d6 3. Nc3 Nf6 4. Bb5+ Bd7 5. Bxd7+ Qxd7 6. d3 e6 7. Bd2 Nc6 8.
Qe2 a6 9. a3 b5 10. O-O Be7 11. Rab1 O-O 12. b4 Qc7 13. bxc5 dxc5 14. Rfe1 Nd4
15. Nxd4 cxd4 16. Na2 Bxa3 17. Bg5 Be7 18. Bxf6 Bxf6 19. Rbc1 a5 20. Rb1 b4 21.
g3 Rfc8 22. Rbc1 e5 23. Qd2 h6 24. Qd1 Bg5 25. Rb1 Qxc2 26. Qxc2 Rxc2 27. Nc1
a4 28. Ne2 Bd2 29. Red1 a3 30. Ra1 Bc3 31. Nxc3 dxc3 32. Rdb1 Rb2 33. Rxb2 cxb2
34. Rb1 a2 35. Rd1 b1=Q 36. Rxb1 axb1=Q+ 37. Kg2 Qd1 38. h3 Ra1 39. h4 Qh1# 0-1

[Event "DEM U10/U10w 2015"]
[Site "Willingen GER"]
[Date "2015.05.24"]
[Round "1"]
[White "Jahrke, Jonas"]
[Black "Sklarski, Lior"]
[Result "1-0"]
[Termination "normal"]
[Board "26"]
[WhiteElo "1372"]
[BlackElo "1087"]
[PlyCount "71"]
[WhiteFideId "12984353"]
[BlackFideId "12987077"]
[EventCountry "GER"]
[EventRounds "11"]
[EventType "swiss"]
[EventDate "2015.05.23"]

1. d4 d5 2. c4 e6 3. Nc3 f5 4. Nf3 Nd7 5. cxd5 exd5 6. Nxd5 Ngf6 7. Bg5 h6 8.
Nxf6+ Nxf6 9. Bxf6 Qxf6 10. e3 Bb4+ 11. Nd2 O-O 12. Qb3+ Kh8 13. Qxb4 a5 14.
Qc5 b6 15. Qxc7 Rf7 16. Qe5 Qd8 17. Bc4 Re7 18. Qd5 Rd7 19. Qxa8 f4 20. Be6 Rc7
21. Qd5 Qe8 22. Bxc8 Rxc8 23. Qe4 Qb5 24. Qb7 Rf8 25. Nb3 fxe3 26. fxe3 Qd3 27.
Qe7 Qf5 28. O-O-O Rc8+ 29. Nc5 bxc5 30. d5 Rb8 31. Rhf1 Qc8 32. d6 Kh7 33. Rf7
Qa6 34. Rxg7+ Kh8 35. Rh7+ Kg8 36. Qg7# 1-0

[Event "DEM U10/U10w 2015"]
[Site "Willingen GER"]
[Date "2015.05.24"]
[Round "1"]
[White "Volk, Oskar"]
[Black "Mailitis, Ricardo"]
[Result "0-1"]
[Termination "normal"]
[Board "27"]
[WhiteElo "1078"]
[BlackElo "1370"]
[PlyCount "135"]
[WhiteFideId "16242645"]
[BlackFideId "12977535"]
[EventCountry "GER"]
[EventRounds "11"]
[EventType "swiss"]
[EventDate "2015.05.23"]

1. e4 e5 2. f4 Qh4+ 3. g3 Qe7 4. d3 exf4 5. Bxf4 d6 6. Nf3 Nc6 7. Nc3 Nf6 8.
Be2 Bd7 9. Qd2 O-O-O 10. O-O-O h6 11. Be3 Re8 12. Nd4 Nxd4 13. Bxd4 a6 14. Rhe1
Qd8 15. Bg1 Be7 16. Qe3 b6 17. d4 Kb7 18. Qd3 Qa8 19. e5 Ng8 20. exd6 Bxd6 21.
Bf3+ c6 22. d5 c5 23. Ne4 Qb8 24. Nxd6+ Qxd6 25. Rxe8 Bxe8 26. Re1 Bb5 27. c4
Bd7 28. Qc3 Nf6 29. Qe5 Ne8 30. Qxd6 Nxd6 31. Re7 Kc7 32. b3 Re8 33. Rxe8 Bxe8
34. h4 Nf5 35. Bf2 Kd6 36. g4 Ne7 37. Bg3+ Kd7 38. d6 Nc8 39. g5 Nxd6 40. Bg4+
Kc7 41. gxh6 gxh6 42. Bf4 f5 43. Bxf5 h5 44. Be4 Kd7 45. Bd5 Nf5 46. Bg5 Kd6
47. Kd2 Ke5 48. Kd3 Bg6 49. Be4 Nxh4 50. Bxh4 Bxe4+ 51. Ke3 Bb1 52. a3 Ba2 53.
Bg3+ Kf5 54. Bc7 b5 55. cxb5 axb5 56. a4 c4 57. axb5 cxb3 58. b6 b2 59. b7 b1=Q
60. b8=Q Qe4+ 61. Kd2 Qd4+ 62. Kc2 Qf2+ 63. Kc3 Qe1+ 64. Kd4 Qd2+ 65. Kc5 Qc3+
66. Kd6 Qa3+ 67. Kd7 Be6+ 68. Kd8 0-1

[Event "DEM U10/U10w 2015"]
[Site "Willingen GER"]
[Date "2015.05.24"]
[Round "1"]
[White "Pubantz, Jan"]
[Black "Schneider, Anna"]
[Result "1-0"]
[Termination "normal"]
[Board "28"]
[WhiteElo "1363"]
[BlackElo "1060"]
[PlyCount "93"]
[WhiteFideId "12996114"]
[BlackFideId "16200527"]
[EventCountry "GER"]
[EventRounds "11"]
[EventType "swiss"]
[EventDate "2015.05.23"]

1. e4 e5 2. Nf3 Nc6 3. Nc3 Nf6 4. d4 exd4 5. Nxd4 Bc5 6. Nxc6 bxc6 7. Bd3 d5 8.
exd5 cxd5 9. O-O O-O 10. Bg5 c6 11. Qf3 Be7 12. h3 h6 13. Bh4 Be6 14. Na4 Ne4
15. Bxe7 Qxe7 16. Bxe4 dxe4 17. Qxe4 Qg5 18. Qf3 Rac8 19. b3 Bf5 20. c4 Bd7 21.
Rad1 Rfd8 22. Rfe1 Bf5 23. Kh1 Rd2 24. Rxd2 Qxd2 25. Qe2 Qg5 26. Qe3 Qg6 27.
Qxa7 Rd8 28. Qe3 Kf8 29. Qe7+ Kg8 30. Qxd8+ Kh7 31. Nc3 c5 32. Qd5 Qf6 33. Qe5
Qg5 34. g4 Bc2 35. Qxg5 hxg5 36. Re5 f6 37. Rxc5 Kg6 38. b4 Kf7 39. b5 Ke6 40.
Rd5 g6 41. b6 f5 42. b7 Be4+ 43. Nxe4 fxe4 44. b8=Q e3 45. Qe5+ Kf7 46. Rd7+
Kf8 47. Qh8# 1-0

[Event "DEM U10/U10w 2015"]
[Site "Willingen GER"]
[Date "2015.05.24"]
[Round "1"]
[White "Peglau, Mirjam"]
[Black "Hetzner, Hannes"]
[Result "0-1"]
[Termination "normal"]
[Board "29"]
[WhiteElo "1055"]
[BlackElo "1361"]
[PlyCount "60"]
[WhiteFideId "16211138"]
[BlackFideId "16211936"]
[EventCountry "GER"]
[EventRounds "11"]
[EventType "swiss"]
[EventDate "2015.05.23"]

1. d4 c5 2. Nf3 Nc6 3. e3 e6 4. Bd2 Qb6 5. Bc3 Nf6 6. Bc4 d5 7. Bd3 Be7 8. O-O
O-O 9. dxc5 Qxc5 10. Ne5 Rd8 11. Nxc6 Qxc6 12. Qf3 Bd7 13. Re1 a5 14. Nd2 Bb4
15. Bxf6 Bxd2 16. Qg4 g6 17. Red1 e5 18. Bxd8 Bxg4 19. Rxd2 Rxd8 20. h3 Bf5 21.
Bxf5 gxf5 22. f3 Qb6 23. Re2 f4 24. Kf2 fxe3+ 25. Rxe3 f5 26. Ke2 Qxb2 27. Rd1
Qxc2+ 28. Rd2 Qc4+ 29. Kf2 Qc5 30. Rde2 f4 0-1

[Event "DEM U10/U10w 2015"]
[Site "Willingen GER"]
[Date "2015.05.24"]
[Round "1"]
[White "Kruse, Kilian"]
[Black "Röste, Hugo"]
[Result "1-0"]
[Termination "normal"]
[Board "30"]
[WhiteElo "1346"]
[BlackElo "1053"]
[PlyCount "129"]
[WhiteFideId "16205413"]
[BlackFideId "16247604"]
[EventCountry "GER"]
[EventRounds "11"]
[EventType "swiss"]
[EventDate "2015.05.23"]

1. e4 c5 2. Nc3 d6 3. f4 Nc6 4. Nf3 g6 5. Bc4 Nf6 6. d3 Bg7 7. O-O O-O 8. Qe1
Bd7 9. Qh4 Qc7 10. Ng5 h6 11. Nxf7 Rxf7 12. Bxf7+ Kxf7 13. f5 g5 14. Qg3 a6 15.
Be3 Rc8 16. h4 g4 17. Nd5 Nxd5 18. exd5 Ne5 19. Rab1 Rh8 20. h5 Qd8 21. Bd2 Qg8
22. c3 Bf8 23. d4 cxd4 24. cxd4 Nc4 25. Be3 Kf6 26. Qh4+ Kf7 27. f6 Nxe3 28.
fxe7+ Nxf1 29. Rxf1+ Kg7 30. exf8=B+ Qxf8 31. Rxf8 Rxf8 32. Qe7+ Rf7 33. Qxd6
Bf5 34. Qe5+ Rf6 35. d6 b5 36. Qd5 g3 37. Qe5 Kf7 38. Qxg3 Be6 39. d5 Bd7 40.
Qe3 Rxd6 41. Qf3+ Rf6 42. Qg3 a5 43. Qc7 Ke7 44. Qxa5 Rd6 45. Qb4 Be8 46. Kf2
Bxh5 47. Qh4+ Rf6+ 48. Ke3 Be8 49. Ke4 Kf7 50. Ke5 Rg6 51. d6 Rg5+ 52. Kf4 Rg6
53. Qe7+ Kg8 54. Qxe8+ Kg7 55. Qxg6+ Kxg6 56. d7 Kf6 57. d8=Q+ Ke6 58. Qd4 h5
59. Qe5+ Kd7 60. Qxb5+ Kd6 61. Qxh5 Ke6 62. Qc5 Kd7 63. Ke5 Kd8 64. Ke6 Ke8 65.
Qc8# 1-0

[Event "DEM U10/U10w 2015"]
[Site "Willingen GER"]
[Date "2015.05.24"]
[Round "1"]
[White "Reuter, Max"]
[Black "Schröder, Lennart"]
[Result "1-0"]
[Termination "normal"]
[Board "31"]
[WhiteElo "1036"]
[BlackElo "1339"]
[PlyCount "77"]
[WhiteFideId "16263715"]
[BlackFideId "16222490"]
[EventCountry "GER"]
[EventRounds "11"]
[EventType "swiss"]
[EventDate "2015.05.23"]

1. e4 c5 2. Nf3 d6 3. d4 cxd4 4. Nxd4 Nf6 5. Nc3 a6 6. a4 b6 7. Bd3 Bb7 8. Be3
Nbd7 9. O-O Nc5 10. f3 e6 11. Qe2 Be7 12. Qf2 Nfd7 13. Be2 Ne5 14. b4 Ncd7 15.
b5 a5 16. Qg3 Ng6 17. f4 Rc8 18. Bd2 e5 19. fxe5 dxe5 20. Nf5 Kf8 21. Rac1 Nf6
22. Qd3 Bc5+ 23. Kh1 Qxd3 24. cxd3 Bb4 25. Nb1 Bxd2 26. Rxc8+ Bxc8 27. Nxd2
Bxf5 28. Rxf5 Nf4 29. Bf1 Ng4 30. g3 g6 31. Rg5 h5 32. gxf4 f6 33. Rxg6 Kf7 34.
f5 Rc8 35. h3 Ne3 36. Nc4 Rxc4 37. dxc4 Nxf1 38. c5 bxc5 39. b6 1-0

[Event "DEM U10/U10w 2015"]
[Site "Willingen GER"]
[Date "2015.05.24"]
[Round "1"]
[White "Laux, Dominik"]
[Black "Straub, Benno"]
[Result "1-0"]
[Termination "normal"]
[Board "32"]
[WhiteElo "1273"]
[BlackElo "1022"]
[PlyCount "69"]
[WhiteFideId "12994219"]
[BlackFideId "16255488"]
[EventCountry "GER"]
[EventRounds "11"]
[EventType "swiss"]
[EventDate "2015.05.23"]

1. d4 d5 2. Nf3 Nc6 3. Bf4 Bf5 4. e3 a6 5. c3 Nf6 6. h3 e6 7. Nbd2 h6 8. Qb3 b5
9. Be2 Bd6 10. Ne5 Na5 11. Qd1 O-O 12. O-O Qe8 13. Ndf3 Ne4 14. Nd3 f6 15. Re1
Qg6 16. a3 Nc6 17. Nh4 Qh7 18. Nxf5 exf5 19. Bxd6 cxd6 20. Qb3 Ne7 21. Nf4 Nd2
22. Qa2 Nc4 23. Bf3 Rac8 24. Nxd5 Nxd5 25. Bxd5+ Kh8 26. Bb7 Rb8 27. Bd5 Nd2
28. f3 Rfc8 29. b3 Nxf3+ 30. Bxf3 Rxc3 31. Rac1 Rd3 32. Kf2 Re8 33. Bc6 Re7 34.
Bxb5 axb5 35. Rc8+ 1-0

[Event "DEM U10/U10w 2015"]
[Site "Willingen GER"]
[Date "2015.05.24"]
[Round "1"]
[White "Kriuckova, Sonia"]
[Black "Pachmann, Johannes"]
[Result "0-1"]
[Termination "normal"]
[Board "33"]
[WhiteElo "1297"]
[BlackElo "1308"]
[PlyCount "118"]
[WhiteFideId "16204310"]
[BlackFideId "16250451"]
[EventCountry "GER"]
[EventRounds "11"]
[EventType "swiss"]
[EventDate "2015.05.23"]

1. e4 e6 2. d4 d5 3. Nc3 dxe4 4. Nxe4 Nd7 5. Nf3 Ngf6 6. Bd3 Be7 7. O-O O-O 8.
Bf4 b6 9. Nfd2 Bb7 10. c3 Nxe4 11. Bxe4 Bxe4 12. Nxe4 Nf6 13. Qc2 c6 14. Rfd1
Nxe4 15. Qxe4 Qd5 16. Qxd5 exd5 17. a4 Rfe8 18. Re1 Bf6 19. g3 g5 20. Bd2 h6
21. f4 Kg7 22. f5 Be7 23. Kg2 Kf6 24. g4 Bd6 25. h3 Rh8 26. Be3 h5 27. b3 hxg4
28. hxg4 Rh2+ 29. Kg1 Rh4 30. Rf1 Rxg4+ 31. Kh1 Re8 32. Bg1 Re2 33. Bf2 Rf4 34.
Kg1 Rxf5 35. b4 Bh2+ 36. Kxh2 Rexf2+ 37. Rxf2 Rxf2+ 38. Kg3 Rf4 39. Rh1 Rh4 40.
Rf1+ Kg6 41. Re1 Re4 42. Rh1 Re3+ 43. Kg2 Rxc3 44. Rh8 Rc4 45. Rd8 f6 46. Rd6
Rxd4 47. Rxc6 Rxb4 48. Rd6 Rxa4 49. Rxd5 a6 50. Rd6 Rb4 51. Rd7 a5 52. Ra7 a4
53. Ra6 b5 54. Kg3 Rb3+ 55. Kg4 a3 56. Rb6 b4 57. Ra6 a2 58. Rb6 a1=Q 59. Rc6
Qg1# 0-1

[Event "DEM U10/U10w 2015"]
[Site "Willingen GER"]
[Date "2015.05.24"]
[Round "1"]
[White "Rempe, Jonas"]
[Black "Kalina, Lena"]
[Result "1-0"]
[Termination "normal"]
[Board "34"]
[WhiteElo "1292"]
[BlackElo "993"]
[PlyCount "105"]
[WhiteFideId "16202406"]
[BlackFideId "12988014"]
[EventCountry "GER"]
[EventRounds "11"]
[EventType "swiss"]
[EventDate "2015.05.23"]

1. e4 e5 2. Nf3 Nc6 3. Bc4 Bc5 4. c3 Nf6 5. d4 exd4 6. cxd4 Bb6 7. e5 d5 8.
exd6 cxd6 9. O-O O-O 10. Bg5 Bg4 11. h3 Bxf3 12. Bxf6 Qxf6 13. gxf3 Nxd4 14.
Be2 Qg6+ 15. Kh2 Nf5 16. Bd3 Rad8 17. Qc2 Rc8 18. Nc3 Rc5 19. b4 Re5 20. f4 Nd4
21. Bxg6 Nxc2 22. Bxc2 Re7 23. Nd5 Rd7 24. Rg1 Kh8 25. Nxb6 axb6 26. Rae1 g6
27. Bb3 d5 28. Re5 d4 29. Rd5 Rxd5 30. Bxd5 Rd8 31. Bxb7 Kg7 32. Rd1 Kf6 33.
Kg3 Kf5 34. a4 h6 35. a5 bxa5 36. bxa5 Rd7 37. a6 Rd8 38. a7 g5 39. Rxd4 Re8
40. a8=Q Rxa8 41. Bxa8 Kf6 42. Rd6+ Kg7 43. fxg5 hxg5 44. Kg4 f6 45. Kf5 Kh6
46. Rxf6+ Kg7 47. Kxg5 Kh7 48. Rf7+ Kh8 49. Rb7 Kg8 50. Kf6 Kh8 51. Rb8+ Kh7
52. Be4+ Kh6 53. Rh8# 1-0

[Event "DEM U10/U10w 2015"]
[Site "Willingen GER"]
[Date "2015.05.24"]
[Round "1"]
[White "Gehle, Joshua"]
[Black "Deutsch, Christoph"]
[Result "0-1"]
[Termination "normal"]
[Board "35"]
[WhiteElo "948"]
[BlackElo "1291"]
[PlyCount "108"]
[WhiteFideId "16273753"]
[BlackFideId "16206878"]
[EventCountry "GER"]
[EventRounds "11"]
[EventType "swiss"]
[EventDate "2015.05.23"]

1. e4 e5 2. Nf3 Nc6 3. Bb5 a6 4. Ba4 Nf6 5. O-O d6 6. Re1 Bg4 7. h3 Bh5 8. c3
b5 9. Bb3 Be7 10. d3 O-O 11. Nbd2 Re8 12. Nf1 h6 13. Ng3 Bg6 14. Nh4 Bh7 15.
Nhf5 Bf8 16. d4 exd4 17. cxd4 Na5 18. Bc2 Nc6 19. b3 Ne7 20. Bd2 Nxf5 21. Nxf5
Qd7 22. Bc3 Bxf5 23. exf5 Nd5 24. Bd2 Rxe1+ 25. Bxe1 Re8 26. Qf3 Nb6 27. Qg3
Re2 28. Bd3 Re7 29. Bd2 Kh8 30. Qf3 c6 31. f6 Re8 32. g4 g6 33. h4 d5 34. g5 h5
35. Qg3 Bd6 36. Qg2 Kg8 37. f4 Kh7 38. Qf2 Qg4+ 39. Qg2 Qxh4 40. f5 Qxd4+ 41.
Kh1 Qxa1+ 42. Qg1 Qxg1+ 43. Kxg1 gxf5 44. Bxf5+ Kg8 45. g6 fxg6 46. Bxg6 Rb8
47. Bh6 Nd7 48. f7+ Kh8 49. Kg2 Bf8 50. Bf4 Rb7 51. Kg3 Kg7 52. Bxh5 Nf6 53.
Be5 Kh6 54. Kh4 Nxh5 0-1

[Event "DEM U10/U10w 2015"]
[Site "Willingen GER"]
[Date "2015.05.24"]
[Round "1"]
[White "Reichelt, Lena"]
[Black "Breß, Amy Charlize"]
[Result "1-0"]
[Termination "normal"]
[Board "36"]
[WhiteElo "1285"]
[BlackElo "941"]
[PlyCount "53"]
[WhiteFideId "12981184"]
[BlackFideId "16233786"]
[EventCountry "GER"]
[EventRounds "11"]
[EventType "swiss"]
[EventDate "2015.05.23"]

1. e4 c6 2. d4 d5 3. exd5 cxd5 4. Nc3 Nf6 5. Bd3 Nc6 6. Nge2 Bg4 7. f3 Bd7 8.
Bg5 h6 9. Bxf6 exf6 10. Nxd5 Be6 11. Ndc3 Nxd4 12. Nxd4 Qxd4 13. Bb5+ Qd7 14.
Bxd7+ Bxd7 15. Qd2 Be7 16. O-O-O Be6 17. Nd5 Bxd5 18. Qxd5 Rb8 19. Rhe1 Kf8 20.
Qd7 Re8 21. Rd2 f5 22. Rde2 Bg5+ 23. Kb1 Rxe2 24. Rxe2 Kg8 25. Re8+ Kh7 26.
Qxf5+ g6 27. Qxf7# 1-0

[Event "DEM U10/U10w 2015"]
[Site "Willingen GER"]
[Date "2015.05.24"]
[Round "1"]
[White "Wallat, Alexandra"]
[Black "Henzgen, Nick"]
[Result "0-1"]
[Termination "normal"]
[Board "37"]
[WhiteElo "935"]
[BlackElo "1269"]
[PlyCount "108"]
[WhiteFideId "16211413"]
[BlackFideId "16212347"]
[EventCountry "GER"]
[EventRounds "11"]
[EventType "swiss"]
[EventDate "2015.05.23"]

1. e4 e5 2. Nf3 Nc6 3. Bc4 Bc5 4. c3 Nf6 5. d3 d6 6. Bg5 Be6 7. Bxe6 fxe6 8. b4
Bb6 9. a4 a5 10. b5 Nb8 11. Nbd2 O-O 12. O-O c6 13. bxc6 Nxc6 14. Rb1 Rc8 15.
Nc4 Ba7 16. Rxb7 Qe8 17. Nxd6 Qd8 18. Nxc8 Qxc8 19. Rb2 Ng4 20. h3 Nxf2 21.
Rfxf2 Bxf2+ 22. Kxf2 Nd8 23. Bxd8 Qxd8 24. Kg1 Qc7 25. Ng5 Qc5+ 26. d4 Qxc3 27.
Qd2 Qc6 28. Qxa5 Qc1+ 29. Kh2 Qxb2 30. Qxe5 Qb8 31. Nxe6 Qxe5+ 32. dxe5 Re8 33.
Nc7 Rxe5 34. Kh1 Rxe4 35. a5 Ra4 36. a6 Kf7 37. Kh2 Ke7 38. Nd5+ Kd6 39. Nb6
Rxa6 40. Nc4+ Kc5 41. Ne3 g6 42. h4 h5 43. Nc2 Ra2 44. Ne3 Kd4 45. Nf1 Ke4 46.
Ng3+ Kf4 47. Kh3 Ra3 48. Kh2 Rxg3 49. Kg1 Ra3 50. Kh2 Kg4 51. g3 Ra2+ 52. Kg1
Kf3 53. Kh1 Kxg3 54. Kg1 Ra1# 0-1

[Event "DEM U10/U10w 2015"]
[Site "Willingen GER"]
[Date "2015.05.24"]
[Round "1"]
[White "Rockmann, Enno"]
[Black "Klühs, Isabel"]
[Result "1-0"]
[Termination "normal"]
[Board "38"]
[WhiteElo "1269"]
[BlackElo "901"]
[PlyCount "77"]
[WhiteFideId "12982920"]
[BlackFideId "16228944"]
[EventCountry "GER"]
[EventRounds "11"]
[EventType "swiss"]
[EventDate "2015.05.23"]

1. e4 e5 2. Nf3 Nc6 3. d4 exd4 4. Bc4 Bc5 5. c3 dxc3 6. Bxf7+ Kxf7 7. Qd5+ Ke8
8. Qxc5 d6 9. Qxc3 Nf6 10. Qd3 Ne5 11. Nxe5 dxe5 12. Qg3 Qe7 13. Nc3 c6 14. O-O
Bd7 15. f4 exf4 16. Bxf4 b5 17. Bd6 Qf7 18. e5 a5 19. exf6 gxf6 20. Rae1+ Kd8
21. Be7+ Kc8 22. Rxf6 Qc4 23. Ne4 Qd4+ 24. Kh1 Kb7 25. Nc5+ Kb6 26. Nd3 Rhg8
27. Qf3 Qg4 28. Qxg4 Rxg4 29. Ne5 Rd4 30. Rc1 Rc8 31. Bc5+ Kb7 32. Bxd4 b4 33.
Nxd7 a4 34. Nc5+ Kb8 35. Nxa4 h5 36. Rf7 Re8 37. Ba7+ Kc8 38. Nb6+ Kd8 39. Rd1#
1-0

[Event "DEM U10/U10w 2015"]
[Site "Willingen GER"]
[Date "2015.05.24"]
[Round "1"]
[White "Adelhardt, Lisa"]
[Black "Farokhi, Keyvan"]
[Result "0-1"]
[Termination "normal"]
[Board "39"]
[WhiteElo "897"]
[BlackElo "1262"]
[PlyCount "54"]
[WhiteFideId "16235380"]
[BlackFideId "12998630"]
[EventCountry "GER"]
[EventRounds "11"]
[EventType "swiss"]
[EventDate "2015.05.23"]

1. e4 e5 2. c4 Nf6 3. Nc3 Bc5 4. Nf3 Ng4 5. d4 exd4 6. Nxd4 Nxf2 7. Kxf2 Qf6+
8. Ke3 Nc6 9. Be2 Nxd4 10. Kd2 O-O 11. Rf1 Qg5+ 12. Ke1 Qxg2 13. h4 Qg3+ 14.
Kd2 Re8 15. h5 Bb4 16. Bd3 Qg2+ 17. Ke1 d6 18. Bd2 Bg4 19. Qa4 Nf3+ 20. Rxf3
Bxc3 21. Bxc3 Bxf3 22. Qc2 Bxe4 23. Bxe4 Qxc2 24. h6 Rxe4+ 25. Kf1 Qe2+ 26. Kg1
Rg4+ 27. Kh1 Qg2# 0-1

[Event "DEM U10/U10w 2015"]
[Site "Willingen GER"]
[Date "2015.05.24"]
[Round "1"]
[White "Stahnecker, Hagen"]
[Black "Youness, Sali"]
[Result "1-0"]
[Termination "normal"]
[Board "40"]
[WhiteElo "1257"]
[BlackElo "897"]
[PlyCount "73"]
[WhiteFideId "16225422"]
[EventCountry "GER"]
[EventRounds "11"]
[EventType "swiss"]
[EventDate "2015.05.23"]

1. e4 e5 2. Nf3 Nc6 3. Bc4 Nf6 4. d3 Bc5 5. O-O O-O 6. c3 a6 7. Nbd2 Na5 8.
Nxe5 Nxc4 9. Ndxc4 d6 10. Nf3 b5 11. Na5 Bd7 12. Nb7 Qb8 13. Nxc5 dxc5 14. Bg5
Qb6 15. Ne5 Rad8 16. Re1 Qd6 17. Nf3 Bg4 18. Re3 Rd7 19. e5 h6 20. exd6 Rxd6
21. Bxf6 Rxf6 22. h3 Bh5 23. Qd2 Rd8 24. Rae1 Kh7 25. Re8 Rd7 26. R8e3 c4 27.
d4 Rd5 28. g4 Bg6 29. Kg2 c5 30. Re5 Rxe5 31. Rxe5 cxd4 32. Qxd4 Bd3 33. g5
hxg5 34. Nxg5+ Kg6 35. Nf3 Kh6 36. Qh4+ Kg6 37. Rg5# 1-0